[Event "FRA-chT Top 12"]
[Site "Montpellier"]
[Date "2015.06.07"]
[Round "9.1"]
[White "Navara, David"]
[Black "Krasenkow, Michal"]
[Result "0-1"]
[WhiteElo "2751"]
[BlackElo "2610"]
[PlyCount "86"]
[EventDate "2015.05.30"]
[EventType "team-tourn"]
[EventRounds "11"]
[EventCountry "FRA"]
[SourceTitle "CBM 166 Extra"]
[Source "ChessBase"]
[SourceDate "2015.06.18"]
[SourceVersion "1"]
[SourceVersionDate "2015.06.18"]
[SourceQuality "1"]
[WhiteTeam "Mulhouse Philidor"]
[BlackTeam "Chalons-en-champagne"]
[WhiteTeamCountry "FRA"]
[BlackTeamCountry "FRA"]

1. e4 e5 2. Nf3 Nc6 3. d4 exd4 4. Nxd4 Qf6 5. Nf3 Bb4+ 6. Nbd2 (6. c3 Bc5 7.
Bg5 Qg6 8. Nbd2 Nf6 9. Bc4 O-O 10. O-O Nxe4 11. Nxe4 Qxe4 12. Bd5 Qg6 13. Re1
d6 14. b4 Bb6 15. b5 Nd8 16. Be7 Re8 17. Nh4 Qg4 18. Qxg4 Bxg4 19. Bxd6 Bd7 20.
Bb4 c5 21. bxc6 Nxc6 22. Nf3 h6 23. Rad1 Rxe1+ 24. Rxe1 Rd8 25. Ba3 Ba5 26. Re3
Bxc3 27. h3 Bf6 28. Bb3 Na5 29. Ne5 Nxb3 30. Nxd7 Rxd7 31. axb3 Rd1+ 32. Kh2 a5
33. Bc5 b5 34. g3 Rc1 35. Bb6 a4 {Tari,A (2487)-Salgado Lopez,I (2628) Caleta
2015 0-1 (83)}) 6... d6 7. Be2 $146 (7. c3 Bc5 8. Bd3 Ne5 9. Be2 Ne7 10. O-O
O-O 11. Nd4 N7g6 12. N2b3 Nf4 13. Be3 Re8 14. Bxf4 Qxf4 15. Nxc5 dxc5 16. Nb5
Nc6 17. g3 Qe5 18. Bf3 Bh3 19. Re1 Rad8 20. Qe2 a6 21. Na3 Qf6 22. Bh1 Rd7 23.
Rad1 Red8 24. Nc4 Be6 25. Rxd7 Rxd7 26. e5 Qd8 27. Bxc6 bxc6 28. Ne3 Rd3 29.
Rd1 Rxd1+ 30. Qxd1 Qxd1+ 31. Nxd1 Bxa2 32. f4 Kf8 33. Kf2 Ke7 34. Ne3 Ke6 35.
c4 g6 36. Ke2 a5 {Dastan,B (2370)-Yildiz,B (2379) Lvov 2012 1/2-1/2}) 7... Bg4
8. O-O (8. c3) 8... O-O-O 9. c3 Bc5 10. b4 (10. Rb1) 10... Bxb4 $1 11. Qa4 Bc5
12. e5 Nxe5 13. Ne4 Qf5 14. Nxc5 dxc5 15. Qxa7 Nxf3+ 16. gxf3 Bxf3 17. Bxf3
Qxf3 18. Bf4 $1 Qxf4 19. Qa8+ Kd7 20. Rfd1+ (20. Rad1+ Kc6 21. Qxd8) 20... Kc6
21. Qxd8 Qg4+ 22. Kf1 Qc4+ 23. Qd3 Qxd3+ 24. Rxd3 Ne7 $11 25. Rf3 Rf8 26. Re1
Nc8 27. Re4 Nd6 28. Rh4 Rh8 29. Rfh3 h6 30. a4 Nf5 31. Re4 g6 32. Ke2 Ra8 33.
Rf4 h5 34. Rd3 Nd6 $17 {[%csl Ra4,Rc3,Rf2,Rh2]} 35. Re3 c4 36. Re7 Rxa4 37. Rf6
Ra2+ 38. Kd1 Kd5 39. f4 Rxh2 40. Rxc7 Nb5 41. Rxb7 Nxc3+ 42. Kc1 Ne2+ 43. Kd2
Nd4+ 0-1

[Event "FRA-chT Top 12"]
[Site "Montpellier"]
[Date "2015.06.08"]
[Round "10.3"]
[White "Krasenkow, Michal"]
[Black "Duda, Jan Krzysztof"]
[Result "1-0"]
[WhiteElo "2610"]
[BlackElo "2610"]
[PlyCount "81"]
[EventDate "2015.05.30"]
[EventType "team-tourn"]
[EventRounds "11"]
[EventCountry "FRA"]
[SourceTitle "CBM 166 Extra"]
[Source "ChessBase"]
[SourceDate "2015.06.18"]
[SourceVersion "1"]
[SourceVersionDate "2015.06.18"]
[SourceQuality "1"]
[WhiteTeam "Chalons-en-champagne"]
[BlackTeam "Bois Colombes"]
[WhiteTeamCountry "FRA"]
[BlackTeamCountry "FRA"]

1. d4 Nf6 2. c4 e6 3. Nf3 Bb4+ 4. Nbd2 b6 5. a3 Bxd2+ 6. Bxd2 Bb7 7. Bg5 d6 8.
e3 Nbd7 9. Qc2 h6 10. Bh4 g5 11. Bg3 Ne4 12. Bd3 (12. Nd2 Nxg3 13. hxg3 Qe7 14.
O-O-O O-O-O 15. f3 {1/2-1/2 (15) Jakovenko,D (2730)-Motylev,A (2687) Poikovsky
2014}) 12... Ndf6 13. O-O-O Qe7 14. d5 Nc5 15. e4 e5 16. h4 g4 17. Nd2 $146 (
17. Nh2 a5 18. Nf1 Nh5 19. Be2 Bc8 20. Ne3 Bd7 21. Nf5 Qf6 22. Bxg4 Ba4 23. Qe2
Bxd1 24. Rxd1 Ng7 25. Kc2 a4 26. f3 h5 27. Bh3 Nxf5 28. Bxf5 Rg8 29. Be1 Nb3
30. g4 Nd4+ 31. Rxd4 exd4 32. g5 Qe5 33. Qd2 b5 34. f4 d3+ 35. Kxd3 bxc4+ 36.
Kxc4 Qe7 37. Qb4 Qd8 38. Qb5+ Kf8 39. Bb4 Rb8 40. Qxa4 Qe8 41. Qxe8+ Kxe8 42.
Bc3 Rb6 43. b4 Ra6 44. Kb3 c6 45. Bf6 cxd5 46. exd5 Rg6 {Mikhalevski,V (2500)
-Lomineishvili,M (2320) Groningen 1996 1-0}) 17... Nh5 18. Be2 Bc8 19. b4 Nd7
20. Bxg4 Nxg3 21. fxg3 Rg8 22. Bxd7+ Bxd7 23. Qc3 Qf6 24. Rdf1 Qg6 25. Rf3 Bg4
26. Re3 Rc8 (26... a5 27. Rf1 axb4 28. axb4 Ra7 29. Kb2 Ke7 $132 {[%cal Gg8a8]}
) 27. c5 $1 Ke7 28. Nc4 h5 29. Rf1 $14 {[%csl Re7,Rf7]} Qh6 30. Kb2 Rg6 31.
Ree1 a5 32. Ne3 axb4 33. cxd6+ cxd6 34. Qxb4 Bd7 35. Qxb6 Rxg3 36. Qa7 Ke8 37.
Rxf7 Rxg2+ 38. Ka1 Rd8 39. Re7+ Kf8 40. Rxd7 Rc8 41. Rc7 1-0

[Event "TUR-chT"]
[Site "Izmir"]
[Date "2016.07.27"]
[Round "3.3"]
[White "Swiercz, Dariusz"]
[Black "Krasenkow, Michal"]
[Result "0-1"]
[WhiteElo "2647"]
[BlackElo "2614"]
[PlyCount "140"]
[EventDate "2016.07.25"]
[EventType "team-swiss"]
[EventRounds "13"]
[EventCountry "TUR"]
[SourceTitle "CBM 173 Extra"]
[Source "ChessBase"]
[SourceDate "2016.08.29"]
[SourceVersion "1"]
[SourceVersionDate "2016.08.29"]
[SourceQuality "1"]
[WhiteTeam "Deniz Su Aquamatch"]
[BlackTeam "Hatay Buyuksehir"]
[WhiteTeamCountry "TUR"]
[BlackTeamCountry "TUR"]

1. e4 d6 2. d4 Nf6 3. Nc3 g6 4. g3 Bg7 5. Bg2 O-O 6. Nge2 e5 7. h3 Nc6 8. Be3
exd4 9. Nxd4 Bd7 10. Nde2 Re8 11. g4 b5 12. Ng3 b4 13. Nce2 Be6 14. O-O d5 15.
Nf4 Nxe4 16. Nxe4 dxe4 17. Bxe4 Bd7 18. Bg2 Bxb2 19. Rb1 Be5 20. Qd3 Rb8 21.
Rfd1 Bd6 22. Nd5 Ne5 23. Qd4 Bc6 24. c4 Bxd5 25. Qxd5 Qf6 26. Bxa7 Rbd8 27. Be3
c5 28. Qe4 Bf8 29. Rd5 Rxd5 30. Qxd5 Qa6 31. Bf4 Qxa2 32. Rd1 Qe2 33. Rd2 Qe1+
34. Bf1 Bg7 35. Re2 Qc3 36. Re3 Qd4 37. Qxd4 cxd4 38. Rb3 Bf8 39. Kg2 Bc5 40.
Bxe5 Rxe5 41. Rb1 Re8 42. Ra1 d3 43. Bxd3 Rd8 44. Ra5 Bxf2 45. Bxg6 Rd2 46.
Ra8+ Kg7 47. Bf5 b3 48. Kf3 b2 49. Rb8 h6 50. Rb5 Bd4 51. c5 Rf2+ 52. Ke4 Bxc5
53. Kd5 Be7 54. Rb6 h5 55. Rb3 h4 56. Ke4 Bf6 57. Ke3 Rg2 58. Kf4 Bd4 59. Rb4
Bc3 60. Rb7 Rg3 61. g5 Kf8 62. Rb8+ Ke7 63. Rb7+ Kd6 64. Rd7+ Kc6 65. Rxf7 Bd2+
66. Ke5 Rxg5 67. Rf6+ Kc5 68. Ke6 Rxf5 69. Rxf5+ Kc4 70. Rf1 Bc1 0-1

[Event "Porticcio op 4th"]
[Site "Porticcio"]
[Date "2017.07.02"]
[Round "5"]
[White "Krasenkow, Michal"]
[Black "Safarli, Eltaj"]
[Result "1-0"]
[WhiteElo "2630"]
[BlackElo "2641"]
[PlyCount "125"]
[EventDate "2017.07.02"]
[EventType "swiss"]
[EventRounds "9"]
[EventCountry "FRA"]
[SourceTitle "CBM 179 Extra"]
[Source "ChessBase"]
[SourceDate "2017.08.23"]
[SourceVersion "1"]
[SourceVersionDate "2017.08.23"]
[SourceQuality "1"]

1. d4 Nf6 2. c4 g6 3. Nc3 d5 4. cxd5 Nxd5 5. e4 Nxc3 6. bxc3 Bg7 7. Qa4+ Qd7 8.
Bb5 c6 9. Be2 O-O 10. Qa3 b6 11. Nf3 Bb7 12. Be3 c5 13. d5 e6 14. Rd1 exd5 15.
exd5 Qd6 16. O-O Nd7 17. c4 Rfe8 18. Rfe1 Nf6 19. Bc1 Ne4 20. Bb2 Bxb2 21. Qxb2
Qf6 22. Qc2 Nd6 23. Bf1 Qf4 24. a4 Ba6 25. Qc3 Ne4 26. Qa1 Bc8 27. a5 Bg4 28.
Rd3 Bxf3 29. Rxf3 Qc7 30. h4 h5 31. Bd3 Nd6 32. Rg3 Rxe1+ 33. Qxe1 Re8 34. Qb1
Qe7 35. axb6 Qe1+ 36. Kh2 Qxb1 37. Bxb1 Nxc4 38. bxa7 Ra8 39. Rc3 Nd6 40. Rxc5
Rxa7 41. Rc6 Rd7 42. Kg3 Kg7 43. Kf4 Kf6 44. f3 Ke7 45. Kg5 Rb7 46. Rc1 Rb5 47.
Rd1 Rb3 48. Bc2 Rb2 49. Rd2 Kf8 50. Kf4 Rb4+ 51. Kg3 Rb2 52. Kf2 Ke7 53. Re2+
Kf6 54. g4 hxg4 55. fxg4 Rb4 56. Kf3 Nb5 57. Kg3 Rd4 58. h5 gxh5 59. gxh5 Rxd5
60. h6 Rh5 61. Rf2+ Kg5 62. h7 Nd4 63. Rh2 1-0

[Event "Porticcio op 4th"]
[Site "Porticcio"]
[Date "2017.07.02"]
[Round "9"]
[White "Krasenkow, Michal"]
[Black "Jones, Gawain C B"]
[Result "1-0"]
[WhiteElo "2630"]
[BlackElo "2660"]
[PlyCount "71"]
[EventDate "2017.07.02"]
[EventType "swiss"]
[EventRounds "9"]
[EventCountry "FRA"]
[SourceTitle "CBM 179 Extra"]
[Source "ChessBase"]
[SourceDate "2017.08.23"]
[SourceVersion "1"]
[SourceVersionDate "2017.08.23"]
[SourceQuality "1"]

1. Nf3 Nf6 2. c4 Nc6 3. d4 e6 4. a3 d6 5. Nc3 g6 6. e4 Bg7 7. Be2 O-O 8. O-O
Re8 9. d5 exd5 10. cxd5 Ne7 11. Bf4 c6 12. Re1 cxd5 13. exd5 Nf5 14. Qb3 Nd7
15. Bb5 Rxe1+ 16. Rxe1 Nc5 17. Qc4 Bd7 18. g4 Bxb5 19. Nxb5 a6 20. Nxd6 Nxd6
21. Qxc5 Bf8 22. Qd4 Rc8 23. Nd2 Bg7 24. Qd3 Bxb2 25. Bxd6 Qxd6 26. Nc4 Qf6 27.
Nxb2 Qxb2 28. d6 Rd8 29. d7 Kg7 30. Qd5 Qb5 31. Qd4+ Kh6 32. Re5 Qc6 33. Re7
Qc1+ 34. Kg2 Qc6+ 35. Kg3 f6 36. g5+ 1-0